[Event "COL-ch U14"]
[Site "Barranquilla"]
[Date "2024.04.12"]
[Round "3"]
[White "Rueda Ahumada, Gabriel Omar"]
[Black "Pinedo Fernandez, David Rebey"]
[Result "1-0"]
[WhiteElo "1752"]
[BlackElo "1548"]
[PlyCount "121"]
[EventDate "2024.04.11"]
[EventType "swiss"]
[EventRounds "7"]
[EventCountry "COL"]
[SourceTitle "CB18_2024"]
[SourceDate "2024.05.01"]
[SourceVersion "1"]
[SourceVersionDate "2024.05.01"]
[SourceQuality "2"]

1. e4 e5 2. Nf3 Nc6 3. Bb5 Nf6 4. d3 Bc5 5. c3 d6 6. 0-0 0-0 7. Nbd2 Bg4 8. Re1 Bb6 9. Nf1 h6 10. Ng3 Nh5 11. h3 Bxf3 12. Qxf3 Nxg3 13. Qxg3 Kh7 14. Bxc6 bxc6 15. Be3 f5 16. Qf3 f4 17. Bxb6 cxb6 18. d4 Qe7 19. Rad1 Rad8 20. Re2 Qf7 21. b3 Qf6 22. Rd3 Rf7 23. Red2 Rfd7 24. Qh5 g5 25. Qd1 d5 26. dxe5 Qxe5 27. Rd4 Kg7 28. c4 c5 29. Rxd5 Rxd5 30. exd5 f3 31. gxf3 Rd7 32. Qe2 Qf5 33. Kg2 h5 34. Qe4 Qf6 35. Re2 Rf7 36. Qe5 Qxe5 37. Rxe5 Kf6 38. Re3 Kf5 39. Kf1 Rf6 40. Re7 a5 41. Ke2 b5 42. Kd3 Kf4 43. Re3 b4 44. Ke2 Ra6 45. Re6 Ra7 46. Kd3 Kxf3 47. Rf6+ Kg2 48. Rg6 Kxh3 49. Rxg5 h4 50. f4 Rf7 51. f5 Kh2 52. d6 Rf6 53. Rg6 Rxf5 54. Ke4 Rf1 55. Kd5 h3 56. d7 Kh1 57. Rg8 Rg1 58. Rxg1+ Kxg1 59. d8Q h2 60. Qg5+ Kf1 61. Qf4+ 1-0

[Event "COL-ch U14"]
[Site "Barranquilla"]
[Date "2024.04.12"]
[Round "2"]
[White "Silva Alvarez, Matias"]
[Black "Rueda Ahumada, Gabriel Omar"]
[Result "0-1"]
[WhiteElo "1577"]
[BlackElo "1752"]
[PlyCount "22"]
[EventDate "2024.04.11"]
[EventType "swiss"]
[EventRounds "7"]
[EventCountry "COL"]
[SourceTitle "CB18_2024"]
[SourceDate "2024.05.01"]
[SourceVersion "1"]
[SourceVersionDate "2024.05.01"]
[SourceQuality "2"]

1. e4 c5 2. Nf3 e6 3. d4 cxd4 4. Nxd4 a6 5. Nc3 Qc7 6. Be3 Nf6 7. Qd3 Bb4 8. Be2 Nxe4 9. 0-0 Nxc3 10. bxc3 Bxc3 11. Rab1 0-0 0-1

[Event "Barranquilla Carnaval Cup"]
[Site "Barranquilla"]
[Date "2024.02.07"]
[Round "8"]
[White "Rueda Ahumada, Gabriel Omar"]
[Black "Guerrero Fandino, Gustavo A"]
[Result "1/2-1/2"]
[WhiteElo "1415"]
[BlackElo "2117"]
[PlyCount "174"]
[EventDate "2024.02.03"]
[EventType "swiss"]
[EventRounds "9"]
[EventCountry "COL"]
[SourceTitle "CB07_2024"]
[SourceDate "2024.02.14"]
[SourceVersion "1"]
[SourceVersionDate "2024.02.14"]
[SourceQuality "1"]

1. e4 c5 2. Nf3 d6 3. d4 cxd4 4. Nxd4 Nf6 5. Nc3 a6 6. f3 Qb6 7. Nb3 Nc6 8. Bg5 h6 9. Bxf6 gxf6 10. Nd5 Qd8 11. Qd2 e6 12. Nc3 h5 13. 0-0-0 Qc7 14. Kb1 Bd7 15. f4 b5 16. g3 Na5 17. Nxa5 Qxa5 18. e5 Bc6 19. Bg2 Qb6 20. Qd4 Qb7 21. Bxc6+ Qxc6 22. exd6 0-0-0 23. Ne4 e5 24. fxe5 fxe5 25. Qxe5 Rh6 26. Qf5+ Kb8 27. Rhe1 Bxd6 28. Nxd6 Rhxd6 29. Qf4 Qc7 30. Rxd6 Qxd6 31. Qxd6+ Rxd6 32. Kc1 h4 33. Re8+ Kc7 34. Re7+ Kc6 35. Rxf7 hxg3 36. hxg3 Rg6 37. Rf3 Rh6 38. Rf1 Rh2 39. Rg1 Kd6 40. g4 Ke6 41. g5 Kf7 42. g6+ Kg7 43. Rd1 Kxg6 44. Rd6+ Kf5 45. Rxa6 Ke4 46. Rd6 Rh5 47. a3 Ke5 48. Rd8 Ke4 49. b3 Rc5 50. Kb2 Ke5 51. a4 bxa4 52. bxa4 Rc7 53. c3 Rb7+ 54. Kc2 Ra7 55. Rd4 Ra8 56. Kb3 Rb8+ 57. Rb4 Ra8 58. Rb5+ Kd6 59. Kb4 Kc6 60. a5 Rh8 61. Rb6+ Kc7 62. c4 Rh1 63. Rg6 Kb7 64. Rd6 Rb1+ 65. Kc5 Ra1 66. a6+ Ka7 67. Kd5 Rd1+ 68. Kc5 Rc1 69. Rc6 Rh1 70. Rg6 Rc1 71. Kb5 Rb1+ 72. Kc5 Rc1 73. Re6 Rd1 74. Kc6 Kxa6 75. Kc7+ Ka5 76. c5 Rh1 77. c6 Ka6 78. Rd6 Rh7+ 79. Kc8 Rg7 80. c7+ Ka7 81. Re6 Rg8+ 82. Kd7 Kb7 83. Re7 Rh8 84. Rg7 Rf8 85. Re7 Rh8 86. Re2 Rh7+ 87. Kd8 Rh8+ 1/2-1/2

[Event "COL-ch"]
[Site "Cartagena"]
[Date "2023.06.10"]
[Round "5"]
[White "Garcia, Juan Manuel"]
[Black "Rueda Ahumada, Gabriel Omar"]
[Result "1-0"]
[WhiteElo "1784"]
[BlackElo "1360"]
[PlyCount "103"]
[EventDate "2023.06.08"]
[EventType "swiss"]
[EventRounds "9"]
[EventCountry "COL"]
[SourceTitle "CBM 215 Extra"]
[Source "ChessBase"]
[SourceDate "2023.09.30"]
[SourceVersion "1"]
[SourceVersionDate "2023.09.30"]
[SourceQuality "1"]

1. e4 e5 2. Nf3 Nc6 3. Bb5 a6 4. Bxc6 dxc6 5. h3 Bc5 6. 0-0 Qe7 7. d4 exd4 8. Nxd4 Bd7 9. Nb3 Bb6 10. Nc3 0-0-0 11. Qf3 Nf6 12. Be3 Bxe3 13. Qxe3 Kb8 14. Rad1 g5 15. Qc5 Rde8 16. Qxe7 Rxe7 17. f3 Nh5 18. Rd2 Rhe8 19. Rfd1 Bc8 20. Rd8 Ka7 21. Kf2 Nf4 22. Rxe8 Rxe8 23. Nd4 Kb8 24. Nce2 Ng6 25. Ng3 Ne7 26. Ndf5 Bxf5 27. Nxf5 Nxf5 28. exf5 Kc8 29. Rd2 Re5 30. g4 Rd5 31. Re2 Kd7 32. Kg3 Rd1 33. f6 Kd8 34. f4 h6 35. fxg5 hxg5 36. Re7 Rd7 37. Rxd7+ Kxd7 38. h4 Ke8 39. h5 Kf8 40. Kf3 Kg8 41. Ke4 Kh7 42. Ke5 Kh6 43. a4 Kh7 44. a5 Kh6 45. Kd4 Kh7 46. Kc5 Kh6 47. b4 Kh7 48. c4 b5 49. axb6 cxb6+ 50. Kxb6 c5 51. Kxc5 a5 52. bxa5 1-0

[Event "COL-ch U12"]
[Site "Choconta"]
[Date "2023.03.19"]
[Round "4"]
[White "Rueda Ahumada, Gabriel Omar"]
[Black "Caicedo Vallejo, Jacobo"]
[Result "1-0"]
[WhiteElo "1310"]
[BlackElo "1407"]
[PlyCount "63"]
[EventDate "2023.03.17"]
[EventType "swiss"]
[EventRounds "7"]
[EventCountry "COL"]
[SourceTitle "CBM 213 Extra"]
[Source "ChessBase"]
[SourceDate "2023.05.31"]
[SourceVersion "1"]
[SourceVersionDate "2023.05.31"]
[SourceQuality "1"]

1. e4 c5 2. Nf3 a6 3. d4 cxd4 4. Nxd4 Nf6 5. Nc3 e5 6. Nb3 Bb4 7. Bg5 d6 8. Be2 Nbd7 9. 0-0 Bxc3 10. bxc3 Qc7 11. Qd3 0-0 12. Rad1 b6 13. f3 b5 14. Qxd6 Qxc3 15. Bd3 Ne8 16. Qa3 f6 17. Bd2 Qc6 18. Bb4 Rf7 19. Na5 Qb6+ 20. Kh1 Nc7 21. c4 Ne6 22. Rc1 Ndc5 23. cxb5 Nxd3 24. Qxd3 Qxb5 25. Qxb5 axb5 26. Nc6 Bb7 27. Ne7+ Kh8 28. a3 Rd8 29. Rfd1 Rxd1+ 30. Rxd1 Nd4 31. Nf5 Nxf5 32. Rd8+ 1-0

[Event "COL-ch U12"]
[Site "Choconta"]
[Date "2023.03.19"]
[Round "5"]
[White "Velandia Jimenez, Johan Felipe"]
[Black "Rueda Ahumada, Gabriel Omar"]
[Result "1/2-1/2"]
[WhiteElo "1141"]
[BlackElo "1310"]
[PlyCount "49"]
[EventDate "2023.03.17"]
[EventType "swiss"]
[EventRounds "7"]
[EventCountry "COL"]
[SourceTitle "CBM 213 Extra"]
[Source "ChessBase"]
[SourceDate "2023.05.31"]
[SourceVersion "1"]
[SourceVersionDate "2023.05.31"]
[SourceQuality "1"]

1. Nf3 d5 2. g3 Nf6 3. Bg2 c5 4. c4 d4 5. b4 Nc6 6. b5 Nb8 7. Bb2 Nbd7 8. 0-0 e5 9. d3 Be7 10. Nbd2 0-0 11. Re1 Qc7 12. Nb3 Rb8 13. a4 a5 14. e3 Bd6 15. h3 Rd8 16. Qc2 b6 17. Nbd2 Nf8 18. e4 Ng6 19. Nf1 Bd7 20. N1h2 Qc8 21. h4 Ng4 22. Re2 Nxh2 23. Kxh2 Bg4 24. Ree1 Be7 25. Rh1 1/2-1/2

[Event "COL-ch U12"]
[Site "Choconta"]
[Date "2023.03.18"]
[Round "2"]
[White "Rueda Ahumada, Gabriel Omar"]
[Black "Casas, Juan Jose"]
[Result "1-0"]
[WhiteElo "1310"]
[BlackElo "1283"]
[PlyCount "117"]
[EventDate "2023.03.17"]
[EventType "swiss"]
[EventRounds "7"]
[EventCountry "COL"]
[SourceTitle "CBM 213 Extra"]
[Source "ChessBase"]
[SourceDate "2023.05.31"]
[SourceVersion "1"]
[SourceVersionDate "2023.05.31"]
[SourceQuality "1"]

1. e4 e6 2. d4 d5 3. Nd2 Nf6 4. e5 Nfd7 5. Ngf3 c5 6. c3 Nc6 7. Be2 Be7 8. 0-0 Qc7 9. Nb3 0-0 10. Bf4 c4 11. Nbd2 b5 12. Bg3 a5 13. a3 a4 14. Ne1 Na5 15. f4 Nb3 16. Nxb3 axb3 17. Nf3 Qd8 18. h3 Nb6 19. Qd2 Bd7 20. Nh2 f5 21. exf6 Bxf6 22. Ng4 Bh4 23. Bxh4 Qxh4 24. Ne5 Be8 25. Bg4 Bf7 26. Nxf7 Kxf7 27. Rae1 Rae8 28. Qe3 Qh6 29. Rf2 Re7 30. f5 Qxe3 31. Rxe3 exf5 32. Rxf5+ Ke8 33. Rfe5 Rff7 34. Be6 Rf6 35. Bd7+ Nxd7 36. Rxe7+ Kd8 37. Rxg7 Nb6 38. Rxh7 Na4 39. Re2 Rf8 40. Rh5 Re8 41. Rxd5+ Kc7 42. Rxe8 Nxb2 43. Rxb5 Nd3 44. Reb8 Nc1 45. Kh2 Nd3 46. Rxb3 cxb3 47. Rxb3 Nc1 48. Rb4 Na2 49. c4 Nxb4 50. axb4 Kc6 51. h4 Kd6 52. h5 Ke6 53. b5 Kd7 54. h6 Kc7 55. h7 Kb6 56. h8Q Ka5 57. Qe8 Ka4 58. b6+ Ka5 59. Qb5# 1-0